000 00897nam0a2200301 i 4500
001 RU\NLR\bibl\1967176
005 20241106064209.0
010 _a9785222202173
_95000
021 _aRU
_b2012-82228
_96085
035 _a(NLR Aleph) 001956079
090 _a3761253
_c3761253
100 _a20121115d2013 u y0rusy50 ca
101 1 _arus
_cund
102 _aRU
105 _ay |||||||||
200 1 _aКоран
_f[пер. И.Ю. Крачковского]
205 _a[Изд. 15-е]
210 _aРостов-на-Дону
_cФеникс
_d2013 [т.е. 2012]
215 _a537, [6] с.
_d21
300 _aКн. фактически изд. в 2012 г.
605 _aКоран
_91276425
_3RU\NLR\auth\66526004
686 _aЭ38-210.1
801 0 _aRU
_bNLR
_c20121115
_gRCR
801 1 _aRU
_bNLR
_c20121115
942 _cBOOK
980 _aNBR